Guess The Country By Stereotype - Statistics

General Stats
  • This quiz has been taken 142 times
  • The average score is 20 of 25
Answer Stats
Hint Answer % Correct
White Flags and Baguettes. France
99%
Vodka and Communsim. Russia
99%
Bad teeth, tea and biscuits. United Kingdom
99%
Guns n’ Oil n’ Freedom! USA
98%
Want some Maple Syrup there eh? Canada
97%
Pasta, Pizza, and the Mafia. Italy
97%
Long words, beer, and wars. Germany
96%
FOOTBALL!!!!!!!!! Brazil
93%
Cheap products and Winnie The Pooh leader. China
90%
Tequila, drugs, and nice beaches. Mexico
89%
Cold tundra and Genghis Khan. Mongolia
88%
Tiny, very very tiny and religious. Vatican City
87%
LEGO and Greenland. Denmark
85%
Mountains, odd shaped flag and more mountains. Nepal
83%
Crocodile Dundee and freakishly large animals. Australia
81%
Guinness and distaste to the UK. Ireland
81%
Ottomans and detests the Greeks. Turkey
81%
Vampires and conflicts. Romania
78%
Welcome to the rice fields! Vietnam
74%
The “Other” China. Taiwan
73%
Bikes, and building into the sea. Netherlands
71%
Very religious, doubly crowded. India
63%
Countryballs and subject to invasions. Poland
56%
Belgians and a whole lot of rain forests. Democratic Republic Of The Congo
52%
Beaches and American tourists. Bahamas
37%
No matching quizzes found
Score Distribution
Percent of People with Each Score
Percentile by Number Answered
Your Score History
You have not taken this quiz